[Event "Odisha-ch 60th"]
[Site "Balasore"]
[Date "2019.10.02"]
[Round "3"]
[White "Nayak, Rajesh"]
[Black "Mishra, Om"]
[Result "1-0"]
[WhiteElo "2242"]
[BlackElo "1502"]
[PlyCount "101"]
[EventDate "2019.10.01"]
[EventType "swiss"]
[EventRounds "9"]
[EventCountry "IND"]
[SourceTitle "CBM 192 Extra"]
[Source "Chessbase"]
[SourceDate "2019.11.06"]
[SourceVersion "1"]
[SourceVersionDate "2019.11.06"]
[SourceQuality "1"]

1. Nf3 d5 2. g3 g6 3. Bg2 c5 4. 0-0 Nf6 5. d3 Bg7 6. Nc3 Nc6 7. Bg5 0-0 8. Nd2 Be6 9. e4 d4 10. Ne2 h6 11. Bxf6 exf6 12. Nf4 f5 13. Nxe6 fxe6 14. exf5 exf5 15. Bxc6 bxc6 16. f4 Qd5 17. Re1 Rfe8 18. Nc4 Bf6 19. Rxe8+ Rxe8 20. Kf2 h5 21. h4 Re6 22. Qh1 Bd8 23. Re1 Qxh1 24. Rxh1 Bc7 25. a4 Kf7 26. Ra1 Re8 27. Ra3 Rb8 28. Kf3 Kf6 29. Ra1 Re8 30. Rb1 a5 31. Ra1 Kf7 32. Kf2 Kf6 33. Ra3 Rb8 34. Ke2 Ke6 35. Kd1 Kd5 36. Kd2 Ke6 37. Ra1 Kf7 38. Re1 Re8 39. Rxe8 Kxe8 40. c3 Kf7 41. cxd4 cxd4 42. b4 axb4 43. Ne5+ Ke6 44. Nxc6 Bb6 45. Kc2 b3+ 46. Kxb3 Kd6 47. Ne5 Kd5 48. Kb4 g5 49. hxg5 Bc7 50. Ng6 Bd6+ 51. Kb5 1-0